000 00912nmm a2200289 a 4500
001 ocm000999453
003 TR-IsHL
005 20201028151434.0
008 150709s2015 tu tur
007 cr cn
020 _a9786059879293
035 _a999453
_b(N$T)
050 0 4 _aAG195
_b.K67 2015
090 0 4 _aAG195
_b.K67 2015
100 1 _aKoradan, Lilay
245 1 0 _aYeni başlayanlar için ilginç bilgiler
_h[electronic resource] /
_cLilay Koradan
260 _aİstanbul :
_bAZ Kitap,
_c2015
300 _a108 p.
650 4 _aGenel Çalışmalar
650 4 _aGeneral Works
650 0 _aSorular ve cevaplar
650 0 _aQuestions and answers
650 0 _aBilgi
650 0 _aKnowledge
650 7 _aBODY, MIND & SPIRIT / Ancient Mysteries & Controversial Knowledge
_2bisacsh
856 4 0 _uhttp://search.ebscohost.com/login.aspx?direct=true&scope=site&db=e011xww&AN=999453
999 _c11006
_d11006